Komparácia verejných výdavkov SR a vybraných krajín OECD s dôrazom na efektívnosť ich vynakladania diplomová práca

Uložené v:
Podrobná bibliografia
Hlavný autor: Blašková, Denisa
Korporativný autor: Národohospodárska fakulta EU. Katedra financií
Ďalší autori: Zubaľová, Alena, 1959-
Médium: Kniha
Jazyk:Slovak
Vydavateľské údaje: Bratislava 2014
Tagy: Pridať tag
Žiadne tagy, Buďte prvý, kto otaguje tento záznam!

MARC

LEADER 00000nbm a2200000 4500
001 0187337
005 20170201085615.6
041 0 |a slo 
044 |a SK 
245 1 0 |a Komparácia verejných výdavkov SR a vybraných krajín OECD s dôrazom na efektívnosť ich vynakladania  |b diplomová práca  |c Denisa Blašková ; školiteľ: Alena Zubaľová 
264 1 |a Bratislava  |c 2014 
300 |a 59 s. 
100 1 |a Blašková, Denisa 
700 1 |a Zubaľová, Alena, 1959- 
710 2 |a Národohospodárska fakulta EU. Katedra financií